000 00594nam a2200181Ia 4500
008 090123s9999 xx 000 0 und d
082 _b8672
_a891.463/धुरी
100 _aधुरी विरेंद्र
245 _aचितेवरची फुले
250 _a1
260 _bडिंपल प्रकाशन
_c1984
300 _a124
600 _aधुरी विरेंद्र
630 _aचितेवरची फुले
700 _aधुरी विरेंद्र
730 _aचितेवरची फुले
942 _cBOOK
999 _c46737
_d46737